1998 1032 1091 1190 1999 1246 1247 1754 1376 1754 1838 1925 1625 1743 1731 1844 1302 1111 1727 1297 1250 1252 1780 1935 1639 1441 1554 1646 1222 1405 1218 1681 1125 1915 1095 1578 1755 1843 1837 1691 1465 1953 1497 1198 1987 1673 1853 1724 1146 1830 1850 1587 1237 1139 1206 1550 1963 1691 1100 1178 1493 1291 1205 1323 1654 1593 1559 1108 1609 1871 1078 1487 1923 1500 1067 1109 1530 1907 1415 1086 1382 1572 1858 1738 1929 1282 1028 1047 1948 1973 1226 1577 1482 1492 1714 1966 1256 1038 1217 BCNSPRNW ULIB Ver.6.0+V

เปลี่ยนเป็นภาษาไทย

Change to English
 แสดงรายละเอียดบรรณานุกรม
  กลับหน้าหลัก

Brief Record : Get Marc (ISO 2709) : E-mail record : QR code < ปิดหน้าต่าง
LEADER : 00000nam 2200000uu 4500
001    13399122342
003     ULIB
008    130219s2555||||th 000 0 tha d
099    วจ.WT100^bอ488ก
100 0  อังคณาพร สอนง่าย
245 00 การใช้ชุมชนเป็นฐานในการดูแลสุขภาพของผู้สูงอายุในเขตชนบทจังหวัดพิษณุโลก:การวิเคราะห์สถานการณ์^c
260    พิษณุโลก:^b,วิทยาลัยพยาบาลบรมราชชนนี ^c2555
300    85 หน้า
650  0 ผู้สูงอายุ^xวิจัย
650  0 ผู้สุงอายุูู^xการดูล^xวิจัย
700 0  ประจวบ แหลมหลัก
700 0  สมตระกูล ราศิริ
700 0  จงดี ขจรไชยกุล
700 0  นภา ทองกิจ
945    ^p0^l0^i033593
999    ^aเกษร โพธิ์สุวรรณ
รายการนี้ยังไม่มีแท็ก
คุณยังไม่ได้ล็อกอิน คุณสามารถมีกิจกรรมร่วมกับเว็บไซต์ได้ แต่ต้องล็อกอินก่อน ::
  ล็อกอิน

รายการสื่อสารสนเทศ

ลำดับที่ ประเภท เลขเรียก/บาร์โค้ด สถานที่ สถานะ
1. วิทยาศาสตร์การแพทย์ และสุขภาพ
วิทยาศาสตร์การแพทย์ และสุขภาพ
วจ.WT100 อ488ก  
  Barcode: 033593
ห้องสมุดวิทยาเขตสวรรค์ประชารักษ์
►วิจัย
บนชั้น

BibComment


ยังไม่เคยถูกคอมเมนท์

คอมเมนท์ทรัพยากรรายการนี้
  คอมเมนท์: การใช้ชุมชนเป็นฐา..


 Copyright 2026. Bcnsprnw @Library